<?xml version="1.0" encoding="UTF-8"?><?xml-stylesheet type="text/xsl" href="static/style.xsl"?><OAI-PMH xmlns="http://www.openarchives.org/OAI/2.0/" xmlns:xsi="http://www.w3.org/2001/XMLSchema-instance" xsi:schemaLocation="http://www.openarchives.org/OAI/2.0/ http://www.openarchives.org/OAI/2.0/OAI-PMH.xsd"><responseDate>2026-04-17T00:40:08Z</responseDate><request verb="GetRecord" identifier="oai:www.recercat.cat:10230/53826" metadataPrefix="marc">https://recercat.cat/oai/request</request><GetRecord><record><header><identifier>oai:recercat.cat:10230/53826</identifier><datestamp>2025-12-26T11:28:48Z</datestamp><setSpec>com_2072_6</setSpec><setSpec>col_2072_452952</setSpec></header><metadata><record xmlns="http://www.loc.gov/MARC21/slim" xmlns:dcterms="http://purl.org/dc/terms/" xmlns:xsi="http://www.w3.org/2001/XMLSchema-instance" xmlns:doc="http://www.lyncode.com/xoai" xsi:schemaLocation="http://www.loc.gov/MARC21/slim http://www.loc.gov/standards/marcxml/schema/MARC21slim.xsd">
   <leader>00925njm 22002777a 4500</leader>
   <datafield ind2=" " ind1=" " tag="042">
      <subfield code="a">dc</subfield>
   </datafield>
   <datafield ind2=" " ind1=" " tag="720">
      <subfield code="a">Chercoles López, Ignacia</subfield>
      <subfield code="e">author</subfield>
   </datafield>
   <datafield ind2=" " ind1=" " tag="720">
      <subfield code="a">Terradas Robledo, Roser</subfield>
      <subfield code="e">author</subfield>
   </datafield>
   <datafield ind2=" " ind1=" " tag="720">
      <subfield code="a">Lasso de Vega Panillo, Carmen</subfield>
      <subfield code="e">author</subfield>
   </datafield>
   <datafield ind2=" " ind1=" " tag="720">
      <subfield code="a">Garcimartín Cerezo, Paloma</subfield>
      <subfield code="e">author</subfield>
   </datafield>
   <datafield ind2=" " ind1=" " tag="720">
      <subfield code="a">García Zaldívar, Lourdes</subfield>
      <subfield code="e">author</subfield>
   </datafield>
   <datafield ind2=" " ind1=" " tag="720">
      <subfield code="a">Giménez Arnau, Anna Maria</subfield>
      <subfield code="e">author</subfield>
   </datafield>
   <datafield ind2=" " ind1=" " tag="260">
      <subfield code="c">2022-07-26T17:12:51Z</subfield>
   </datafield>
   <datafield ind2=" " ind1=" " tag="260">
      <subfield code="c">2022-07-26T17:12:51Z</subfield>
   </datafield>
   <datafield ind2=" " ind1=" " tag="260">
      <subfield code="c">2021</subfield>
   </datafield>
   <datafield ind2=" " ind1=" " tag="520">
      <subfield code="a">Objetivos: Describir los resultados de una estrategia diseñada para evitar lesiones cutáneas por presión relacionadas con la utilización de los equipos de protección individual (EPIs). Metodología: Estudio descriptivo observacional prospectivo realizado entre marzo y junio de 2020 en profesionales del Parc de Salut Mar (PSMAR) que utilizaron EPIs en áreas de pacientes diagnosticados de COVID-19. Un servicio de vigilancia multidisciplinar se activó con el fin de realizar una detección precoz. Se suministró de forma individualizada a 1044 profesionales materiales para prevención de lesiones por presión, fricción y humedad de los EPIs sobre la piel de la cara. Resultados: De todos los profesionales, 32 fueron citados para una valoración presencial por lesiones: 6 presentaron úlceras por presión en estadios III y IV, 24 dermatitis, foliculitis y eczemas. La tasa de presentación de úlceras fue del 0,57% y la de dermatitis del 2,30% de la población de estudio. Conclusión: Los resultados de la aplicación de las medidas especificadas indican que han sido eficaces para prevenir úlceras por presión en la región de la cara provocadas por los EPIs. La adopción de medidas de prevención no solo para prevenir ulceras por presión sino para la prevención de dermatitis se hacen imprescindibles en situaciones en las que se requiere el uso continuado de EPIs en la región de la cara.</subfield>
   </datafield>
   <datafield ind2=" " ind1=" " tag="520">
      <subfield code="a">Objective: To describe a strategy designed to avoid pressure-related skin lesions related to the use of personal protective equipment (PPE). Methods: This was a prospective descriptive observational study. Study population: healthcare professionals at the Parc Salut Mar (Barcelona) who used PPE for protection against COVID-19 between March 30 and June 15, 2020. Intervention: Each professional was provided with an individual kit to prevent PPE-induced lesions, friction, or moisture. A multidisciplinary surveillance team was deployed for the early detection of these adverse events. Results: Individual kits were provided to 1044 professionals, 32 of whom were scheduled for in-person medical assessments. Six participants (0.57%) developed Stage III or IV pressure ulcers, 24 (2.3%) had dermatitis, folliculitis, eczema and two participants did not show for their appointments. The overall rate of pressure ulcers was 0.57%; for dermatitis it was 2.3%. Conclusions: The use of preventive measures appears to be effective in preventing facial pressure ulcers induced by EPIs among healthcare professionals. Our resultsalso underscore the importance of expanding preventive measures to include not only pressure ulcers but also dermatitis.</subfield>
   </datafield>
   <datafield tag="653" ind2=" " ind1=" ">
      <subfield code="a">Equipos de protección personal</subfield>
   </datafield>
   <datafield tag="653" ind2=" " ind1=" ">
      <subfield code="a">Úlceras por presión</subfield>
   </datafield>
   <datafield tag="653" ind2=" " ind1=" ">
      <subfield code="a">COVID-19</subfield>
   </datafield>
   <datafield tag="653" ind2=" " ind1=" ">
      <subfield code="a">Salud laboral</subfield>
   </datafield>
   <datafield tag="653" ind2=" " ind1=" ">
      <subfield code="a">Prevención de riesgos laborales</subfield>
   </datafield>
   <datafield tag="653" ind2=" " ind1=" ">
      <subfield code="a">Occupational injury</subfield>
   </datafield>
   <datafield tag="653" ind2=" " ind1=" ">
      <subfield code="a">Personal protective equipment</subfield>
   </datafield>
   <datafield tag="653" ind2=" " ind1=" ">
      <subfield code="a">Pressure injury</subfield>
   </datafield>
   <datafield tag="653" ind2=" " ind1=" ">
      <subfield code="a">Prevention</subfield>
   </datafield>
   <datafield ind2="0" ind1="0" tag="245">
      <subfield code="a">Descripción de una intervención para prevenir lesiones cutáneas por presión provocadas por los equipos de protección personal (EPIs) durante la atención de pacientes con COVID-19</subfield>
   </datafield>
   <datafield ind2="0" ind1="0" tag="245">
      <subfield code="a">Description of an intervention to prevent pressure-induced skin lesions caused by personal protective equipment (PPE) during the care of patients with COVID-19</subfield>
   </datafield>
</record></metadata></record></GetRecord></OAI-PMH>